000 00918nam a2200325 a 4500
003 AR-BaBNM
005 20251128203938.0
008 082120s2002 ||||||||||||||000 | spa||
020 _a950-13-6109-8
040 _cAR-BaBNM
100 1 _aZanotti, Luis Jorge
245 0 0 _aLos objetivos de la escuela media
260 _aBuenos Aires
_bKapelusz
_c1994
300 _a76 p.
_btablas
490 0 _aBiblioteca de cultura pedagógica
500 _aReferencias bibliográficas p. 75-77
650 4 _aESCUELAS MEDIAS
650 4 _aHISTORIA DE LA EDUCACION
650 4 _aOBJETIVOS EDUCACIONALES
650 4 _aADOLESCENCIA
650 4 _aPSICOLOGIA DEL ADOLESCENTE
650 4 _aESCUELAS SECUNDARIAS
650 4 _aMETAS EDUCACIONALES
650 4 _aEDUCACION PERMANENTE
650 4 _aSOCIOLOGIA DE LA EDUCACION
651 4 _aArgentina
653 _aEDUCACION SECUNDARIA
942 _cBK
998 _cCarmen
999 _c5567
_d5567